| 000 | 00354nam a2200145Ia 4500 | ||
|---|---|---|---|
| 008 | 230718s9999 xx 000 0 und d | ||
| 041 | _aeng | ||
| 082 |
_a621.382 _bMIS |
||
| 100 | _aMisiti M. | ||
| 245 | _aWavelets And Their Applications | ||
| 260 | _bIste | ||
| 365 |
_cRs. _b1295.00 |
||
| 700 | _aMisiti M. | ||
| 906 |
_dB:40607-Jul-2008 _cME ETC _b20 |
||
| 999 |
_c319029 _d319029 |
||